Irsko

Stručná hospodársko-ekonomická charakteristika Írska. Zahranično-obchodné vzťahy Českej republiky a Írska. Perspektívne trhové sektory a komodity.

Gespeichert in:
Bibliographische Detailangaben
1. Verfasser: Lacina, Pavel
Format: Buchkapitel
Sprache:Tschechisch
Schlagworte:
Tags: Tag hinzufügen
Keine Tags, Fügen Sie das erste Tag hinzu!

MARC

LEADER 00000naa a2200000 4500
001 r035984
005 20230920095947.9
041 0 |a cze 
044 |a CZ 
245 1 0 |a Irsko  |c Pavel Lacina 
520 |a Stručná hospodársko-ekonomická charakteristika Írska. Zahranično-obchodné vzťahy Českej republiky a Írska. Perspektívne trhové sektory a komodity. 
610 2 0 |a situácia hospodárska 
610 2 0 |a obchod zahraničný 
610 2 0 |a vzťahy hospodárske medzinárodné 
610 2 0 |a bilancia obchodná 
610 2 0 |a Írsko 
610 2 0 |a Česko 
610 2 0 |a komodity 
100 1 |a Lacina, Pavel